Taylor Swift songs that start with "Y" - Statistics

General Stats
  • This quiz has been taken 18 times
  • The average score is 5 of 8
Answer Stats
Answer % Correct
You Belong With Me
85%
You're On Your Own, Kid
85%
You're Losing Me
77%
You All Over Me
62%
You Are In Love
62%
You Need To Calm Down
62%
You're Not Sorry
62%
You'll Always Find Your Way Back Home
31%
No matching quizzes found
Score Distribution
Percent of People with Each Score
Percentile by Number Answered
Your Score History
You have not taken this quiz